| 000 | 00802nam a22002297a 4500 | ||
|---|---|---|---|
| 999 |
_c13433 _d13433 |
||
| 003 | AR-CdUCM | ||
| 008 | 190415b ||||| |||| 00| 0 spa d | ||
| 040 |
_aMUNICIPALIDAD PROVINCIAL DEL CUSCO _cBIBLIOTECA MUNICIPAL DEL CUSCO |
||
| 082 |
_a869.56 / _bF39 |
||
| 100 |
_aFernández Arce, A. _931851 |
||
| 245 |
_aViento del Este : _bMao y la Poesía China / |
||
| 260 |
_aTrujillo-Perú : _bImprenta Moreno ; _c1972. |
||
| 300 |
_a37 páginas ; _c25cm |
||
| 440 |
_aCuadernos Trimestrales de Poesía _n48 _931852 |
||
| 500 | _aOct. - Nov. - Dic. 1972 | ||
| 505 | _aContenido: Poesía de Chu Yuan -- Tao Chien -- Li Po -- Tu Fu -- Lu Yu -- Mao Tse Tung -- Kuo Mo Jo | ||
| 650 |
_aPoesía _9444 |
||
| 650 |
_aChina _9843 |
||
| 650 |
_aMao _915754 |
||
| 942 |
_2ddc _cLIBROS |
||
| 945 |
_anom _d2019-04-15 |
||